Statistics for City to Country

Click here to take the quiz!

General Stats

  • This quiz has been taken 37 times
  • The average score is 6 of 15

Answer Stats

HintAnswer% Correct
IpswichUnited Kingom
94%
PalermoItaly
90%
MurmanskRussia
87%
XinyuChina
77%
OuagadougouBurkina Faso
68%
HammerfestNorway
48%
InvercargillNew Zealand
26%
ZallaqBahrain
19%
São FilipeCape Verde
19%
BelmulletIreland
19%
MaafushiMaldives
19%
JanjanburehGambia
16%
TushikudukKazakhstan
16%
MadolenihmwMicronesia
16%
MataraSri Lanka
16%

Score Distribution

Percentile by Number Answered

Percent of People with Each Score

Your Score History

You have not taken this quiz